Consumer Behavior (Record no. 303654)
[ view plain ]
| 000 -LEADER | |
|---|---|
| fixed length control field | 00437nam a2200169Ia 4500 |
| 008 - FIXED-LENGTH DATA ELEMENTS--GENERAL INFORMATION | |
| fixed length control field | 230718s9999 xx 000 0 und d |
| 041 ## - LANGUAGE CODE | |
| Language code of text/sound track or separate title | eng |
| 082 ## - DEWEY DECIMAL CLASSIFICATION NUMBER | |
| Classification number | 658.834'2 |
| Item number | SCH |
| 100 ## - MAIN ENTRY--PERSONAL NAME | |
| Personal name | Schisffman L. G. |
| 9 (RLIN) | 131809 |
| 245 ## - TITLE STATEMENT | |
| Title | Consumer Behavior |
| 250 ## - EDITION STATEMENT | |
| Edition statement | 7th |
| 260 ## - PUBLICATION, DISTRIBUTION, ETC. (IMPRINT) | |
| Date of publication, distribution, etc. | 2000 |
| Name of publisher, distributor, etc. | Pearson |
| 300 ## - PHYSICAL DESCRIPTION | |
| Extent | 496 |
| 365 ## - TRADE PRICE | |
| Currency code | Rs. |
| Price amount | 295.00 |
| 700 ## - ADDED ENTRY--PERSONAL NAME | |
| Personal name | Schisffman L. G. & Kanuk L. L. |
| 9 (RLIN) | 187610 |
| 906 ## - LOCAL DATA ELEMENT F, LDF (RLIN) | |
| d | B:141301-Jun-2002 |
| c | MGMT |
| b | 44.25 |
| Withdrawn status | Lost status | Damaged status | Not for loan | Home library | Current library | Date acquired | Vendor | Budget Code | Cost, normal purchase price | Bill number | Total Checkouts | Full call number | Barcode | Date last seen | Discount | Cost, replacement price | Bill Date | Koha item type | Original Barcode |
|---|---|---|---|---|---|---|---|---|---|---|---|---|---|---|---|---|---|---|---|
| Cummins College of Engineering for Women Pune | Cummins College of Engineering for Women Pune | 17/06/2002 | Technical Book Services | MGMT | 250.75 | 1413 | 658.834'2 | CCEP-BK-14861 | 18/07/2023 | 44.25 | 295.00 | 01/06/2002 | Books | 014861 |